| 000 | 00455nam a2200169Ia 4500 | ||
|---|---|---|---|
| 008 | 230711s9999||||xx |||||||||||||| ||und|| | ||
| 020 | _a978-1-118-05745-2 | ||
| 041 | _aENG | ||
| 082 |
_a615.19 _bAV-A |
||
| 100 | _aAvdeef,Alex | ||
| 245 | 0 | _aAbsorption and Drug Development : Solubility, Permeability, and Charge State | |
| 250 | _a2nd Ed. | ||
| 260 |
_c2012 _aNew Jersy _bJohn Wiley & Sons.Inc |
||
| 300 | _a698p. | ||
| 650 | _aPharmacy | ||
| 942 | _cBK | ||
| 999 |
_c7357 _d7357 |
||